[Event "DVM U20 2022"]
[Site "Münster GER"]
[Date "2022.12.29"]
[Round "5"]
[White "Trinh, Felix Toan"]
[Black "Jaksch, Jonas"]
[Result "1/2-1/2"]
[Termination "normal"]
[Board "6.6"]
[WhiteElo "1594"]
[BlackElo "1266"]
[WhiteClock "00:04:14"]
[BlackClock "00:21:37"]
[WhiteTeam "Schachverein Hemer 1932"]
[BlackTeam "SK Bebenhausen 1992"]
[PlyCount "71"]
[WhiteFideId "34640134"]
[BlackFideId "34627790"]
[EventCountry "GER"]
[EventRounds "7"]
[EventType "team-swiss"]
[EventDate "2022.12.26"]

1. d4 {[%clk 01:30:56]} {[%emt 00:00:03]} Nf6 {[%clk 01:30:44]} {[%emt
00:00:17]} 2. Nf3 {[%clk 01:31:18]} {[%emt 00:00:08]} d5 {[%clk 01:30:49]}
{[%emt 00:00:24]} 3. Bf4 {[%clk 01:31:31]} {[%emt 00:00:17]} c5 {[%clk
01:31:09]} {[%emt 00:00:09]} 4. c3 {[%clk 01:31:00]} {[%emt 00:01:02]} e6
{[%clk 01:31:22]} {[%emt 00:00:17]} 5. e3 {[%clk 01:31:07]} {[%emt 00:00:23]}
Bd6 {[%clk 01:29:18]} {[%emt 00:02:34]} 6. Bg3 {[%clk 01:30:35]} {[%emt
00:01:02]} Nc6 {[%clk 01:27:42]} {[%emt 00:02:05]} 7. Bd3 {[%clk 01:28:29]}
{[%emt 00:02:36]} c4 {[%clk 01:22:41]} {[%emt 00:05:31]} 8. Bc2 {[%clk
01:28:45]} {[%emt 00:00:14]} b5 {[%clk 01:22:59]} {[%emt 00:00:12]} 9. Nbd2
{[%clk 01:26:58]} {[%emt 00:02:17]} a5 {[%clk 01:15:03]} {[%emt 00:08:26]} 10.
e4 {[%clk 01:14:21]} {[%emt 00:13:07]} Nh5 {[%clk 01:14:31]} {[%emt 00:01:02]}
11. Ne5 {[%clk 00:47:35]} {[%emt 00:27:16]} Bxe5 {[%clk 01:07:59]} {[%emt
00:07:02]} 12. Bxe5 {[%clk 00:47:02]} {[%emt 00:01:02]} Nxe5 {[%clk 01:08:18]}
{[%emt 00:00:11]} 13. Qxh5 {[%clk 00:47:22]} {[%emt 00:00:10]} Ng6 {[%clk
01:06:23]} {[%emt 00:02:25]} 14. e5 {[%clk 00:39:46]} {[%emt 00:08:06]} Qh4
{[%clk 00:56:38]} {[%emt 00:10:15]} 15. Bxg6 {[%clk 00:39:32]} {[%emt
00:00:44]} hxg6 {[%clk 00:56:54]} {[%emt 00:00:14]} 16. Qxh4 {[%clk 00:39:51]}
{[%emt 00:00:11]} Rxh4 {[%clk 00:57:15]} {[%emt 00:00:09]} 17. h3 {[%clk
00:39:04]} {[%emt 00:01:18]} Ke7 {[%clk 00:56:48]} {[%emt 00:00:57]} 18. g3
{[%clk 00:39:07]} {[%emt 00:00:26]} Rh6 {[%clk 00:56:49]} {[%emt 00:00:29]} 19.
a3 {[%clk 00:37:51]} {[%emt 00:01:45]} Bb7 {[%clk 00:56:01]} {[%emt 00:01:18]}
20. Ke2 {[%clk 00:33:23]} {[%emt 00:04:59]} a4 {[%clk 00:52:31]} {[%emt
00:04:01]} 21. f4 {[%clk 00:20:06]} {[%emt 00:13:47]} f6 {[%clk 00:46:38]}
{[%emt 00:06:23]} 22. Nf3 {[%clk 00:14:44]} {[%emt 00:05:51]} Rah8 {[%clk
00:37:58]} {[%emt 00:09:10]} 23. h4 {[%clk 00:14:37]} {[%emt 00:00:38]} Bc6
{[%clk 00:37:54]} {[%emt 00:00:34]} 24. Rh2 {[%clk 00:08:55]} {[%emt 00:06:12]}
Be8 {[%clk 00:35:39]} {[%emt 00:02:45]} 25. Rah1 {[%clk 00:06:51]} {[%emt
00:02:34]} Bf7 {[%clk 00:25:11]} {[%emt 00:10:58]} 26. g4 {[%clk 00:05:09]}
{[%emt 00:01:56]} f5 {[%clk 00:22:07]} {[%emt 00:03:50]} 27. gxf5 {[%clk
00:04:52]} {[%emt 00:00:47]} gxf5 {[%clk 00:22:15]} {[%emt 00:00:22]} 28. Ng5
{[%clk 00:04:07]} {[%emt 00:01:14]} Bh5 {[%clk 00:22:28]} {[%emt 00:00:17]} 29.
Ke3 {[%clk 00:04:18]} {[%emt 00:00:18]} g6 {[%clk 00:22:33]} {[%emt 00:00:26]}
30. Rg2 {[%clk 00:02:39]} {[%emt 00:02:09]} Bg4 {[%clk 00:21:57]} {[%emt
00:01:06]} 31. Rgh2 {[%clk 00:02:55]} {[%emt 00:00:15]} Rh5 {[%clk 00:20:55]}
{[%emt 00:01:32]} 32. Kf2 {[%clk 00:02:56]} {[%emt 00:00:28]} R5h6 {[%clk
00:20:58]} {[%emt 00:00:28]} 33. Ke3 {[%clk 00:03:15]} {[%emt 00:00:10]} Rh5
{[%clk 00:21:18]} {[%emt 00:00:11]} 34. Kf2 {[%clk 00:03:39]} {[%emt 00:00:05]}
R5h6 {[%clk 00:21:31]} {[%emt 00:00:18]} 35. Ke3 {[%clk 00:04:03]} {[%emt
00:00:06]} Rh5 {[%clk 00:21:37]} {[%emt 00:00:24]} 36. Kf2 {[%clk 00:04:14]}
{[%emt 00:00:18]} 1/2-1/2

[Event "DVM U20 2022"]
[Site "Münster GER"]
[Date "2022.12.29"]
[Round "5"]
[White "Koll, Linus"]
[Black "Schubert, Nikita"]
[Result "1-0"]
[Termination "normal"]
[Board "7.1"]
[WhiteElo "2058"]
[BlackElo "1939"]
[WhiteClock "00:15:13"]
[BlackClock "00:00:36"]
[WhiteTeam "Karlsruher SF 1853"]
[BlackTeam "ESV Gera"]
[PlyCount "165"]
[WhiteFideId "12990299"]
[BlackFideId "16212339"]
[EventCountry "GER"]
[EventRounds "7"]
[EventType "team-swiss"]
[EventDate "2022.12.26"]

1. e4 {[%clk 01:30:59]} {[%emt 11:14:33]} e5 {[%clk 01:30:54]} {[%emt
00:00:07]} 2. Nf3 {[%clk 01:31:25]} {[%emt 00:00:04]} Nc6 {[%clk 01:31:20]}
{[%emt 00:00:04]} 3. Bc4 {[%clk 01:31:52]} {[%emt 00:00:03]} Bc5 {[%clk
01:31:42]} {[%emt 00:00:08]} 4. Nc3 {[%clk 01:32:17]} {[%emt 00:00:05]} Nf6
{[%clk 01:32:07]} {[%emt 00:00:05]} 5. d3 {[%clk 01:32:43]} {[%emt 00:00:04]}
d6 {[%clk 01:32:30]} {[%emt 00:00:07]} 6. a4 {[%clk 01:33:08]} {[%emt
00:00:05]} Be6 {[%clk 01:16:33]} {[%emt 00:16:27]} 7. Nd5 {[%clk 01:33:17]}
{[%emt 00:00:21]} a6 {[%clk 01:11:11]} {[%emt 00:05:53]} 8. c3 {[%clk
01:29:13]} {[%emt 00:04:34]} Ba7 {[%clk 01:10:20]} {[%emt 00:01:21]} 9. Bg5
{[%clk 01:16:36]} {[%emt 00:13:07]} h6 {[%clk 01:01:11]} {[%emt 00:09:39]} 10.
Nxf6 {[%clk 01:11:09]} {[%emt 00:05:56]} gxf6 {[%clk 01:01:31]} {[%emt
00:00:11]} 11. Bh4 {[%clk 01:10:34]} {[%emt 00:01:05]} Qe7 {[%clk 00:45:41]}
{[%emt 00:16:20]} 12. Nd2 {[%clk 01:07:40]} {[%emt 00:03:24]} Rg8 {[%clk
00:42:51]} {[%emt 00:03:20]} 13. Qf3 {[%clk 00:44:51]} {[%emt 00:23:19]} Rg6
{[%clk 00:42:53]} {[%emt 00:00:29]} 14. h3 {[%clk 00:45:02]} {[%emt 00:00:19]}
O-O-O {[%clk 00:40:10]} {[%emt 00:03:12]} 15. b4 {[%clk 00:42:36]} {[%emt
00:02:58]} Nb8 {[%clk 00:39:40]} {[%emt 00:01:00]} 16. b5 {[%clk 00:32:54]}
{[%emt 00:10:12]} a5 {[%clk 00:37:55]} {[%emt 00:02:15]} 17. Bxe6 {[%clk
00:27:33]} {[%emt 00:05:50]} fxe6 {[%clk 00:36:24]} {[%emt 00:02:01]} 18. Nc4
{[%clk 00:27:50]} {[%emt 00:00:14]} Bb6 {[%clk 00:31:15]} {[%emt 00:05:40]} 19.
Nxb6 {[%clk 00:26:07]} {[%emt 00:02:12]} cxb6 {[%clk 00:31:44]} {[%emt
00:00:01]} 20. O-O {[%clk 00:18:11]} {[%emt 00:08:26]} Rdg8 {[%clk 00:24:42]}
{[%emt 00:07:32]} 21. g3 {[%clk 00:16:58]} {[%emt 00:01:43]} Nd7 {[%clk
00:21:19]} {[%emt 00:03:53]} 22. Qe3 {[%clk 00:17:04]} {[%emt 00:00:23]} Qg7
{[%clk 00:16:35]} {[%emt 00:05:14]} 23. Kh2 {[%clk 00:15:43]} {[%emt 00:01:51]}
f5 {[%clk 00:16:11]} {[%emt 00:00:55]} 24. f4 {[%clk 00:13:47]} {[%emt
00:02:26]} fxe4 {[%clk 00:13:38]} {[%emt 00:03:03]} 25. dxe4 {[%clk 00:13:58]}
{[%emt 00:00:19]} exf4 {[%clk 00:13:30]} {[%emt 00:00:38]} 26. Rxf4 {[%clk
00:14:16]} {[%emt 00:00:12]} Nc5 {[%clk 00:12:58]} {[%emt 00:01:02]} 27. Raf1
{[%clk 00:14:25]} {[%emt 00:00:21]} Kb8 {[%clk 00:11:02]} {[%emt 00:02:26]} 28.
Rf7 {[%clk 00:14:38]} {[%emt 00:00:17]} Qe5 {[%clk 00:10:44]} {[%emt 00:00:48]}
29. R1f4 {[%clk 00:02:33]} {[%emt 00:12:35]} Nxa4 {[%clk 00:08:37]} {[%emt
00:02:38]} 30. c4 {[%clk 00:02:23]} {[%emt 00:00:39]} Qb2 {[%clk 00:02:27]}
{[%emt 00:06:40]} 31. Rf2 {[%clk 00:02:30]} {[%emt 00:00:23]} Qc3 {[%clk
00:02:09]} {[%emt 00:00:48]} 32. Qxc3 {[%clk 00:00:58]} {[%emt 00:02:02]} Nxc3
{[%clk 00:02:38]} 33. e5 {[%clk 00:01:21]} {[%emt 00:00:07]} dxe5 {[%clk
00:02:40]} {[%emt 00:00:28]} 34. Bf6 {[%clk 00:01:35]} {[%emt 00:00:16]} Ne4
{[%clk 00:01:33]} {[%emt 00:01:37]} 35. Bxe5 {[%clk 00:01:58]} {[%emt
00:00:07]} Kc8 {[%clk 00:00:44]} {[%emt 00:01:19]} 36. Rc7 {[%clk 00:02:08]}
{[%emt 00:00:19]} Kd8 {[%clk 00:00:52]} {[%emt 00:00:22]} 37. Rff7 {[%clk
00:01:43]} {[%emt 00:00:55]} Nc5 {[%clk 00:00:39]} {[%emt 00:00:44]} 38. Bd6
{[%clk 00:01:31]} {[%emt 00:00:42]} Rg5 {[%clk 00:00:33]} {[%emt 00:00:35]} 39.
Bxc5 {[%clk 00:00:47]} {[%emt 00:01:15]} Rxc5 {[%clk 00:01:02]} 40. Rxc5 {[%clk
00:00:44]} {[%emt 00:00:34]} bxc5 {[%clk 00:01:26]} {[%emt 00:00:06]} 41. Rxb7
{[%clk 00:01:10]} {[%emt 00:00:04]} Rg5 {[%clk 00:28:19]} {[%emt 00:03:37]} 42.
b6 {[%clk 00:27:02]} {[%emt 00:04:38]} Re5 {[%clk 00:22:38]} {[%emt 00:06:11]}
43. Ra7 {[%clk 00:27:10]} {[%emt 00:00:22]} Re2 {[%clk 00:21:40]} {[%emt
00:01:28]} 44. Kg1 {[%clk 00:27:28]} {[%emt 00:00:12]} Rb2 {[%clk 00:21:29]}
{[%emt 00:00:41]} 45. Rxa5 {[%clk 00:27:15]} {[%emt 00:00:43]} Rxb6 {[%clk
00:21:40]} {[%emt 00:00:19]} 46. Rxc5 {[%clk 00:27:34]} {[%emt 00:00:11]} Ke7
{[%clk 00:12:11]} {[%emt 00:09:59]} 47. Rh5 {[%clk 00:27:22]} {[%emt 00:00:42]}
Rb3 {[%clk 00:10:28]} {[%emt 00:02:13]} 48. Kf2 {[%clk 00:27:39]} {[%emt
00:00:13]} Rc3 {[%clk 00:10:26]} {[%emt 00:00:32]} 49. c5 {[%clk 00:27:25]}
{[%emt 00:00:45]} Kf7 {[%clk 00:10:29]} {[%emt 00:00:27]} 50. Rxh6 {[%clk
00:25:53]} {[%emt 00:02:02]} Rxc5 {[%clk 00:10:54]} {[%emt 00:00:05]} 51. h4
{[%clk 00:22:16]} {[%emt 00:04:07]} Re5 {[%clk 00:09:48]} {[%emt 00:01:36]} 52.
Rh7 {[%clk 00:22:35]} {[%emt 00:00:11]} Kg6 {[%clk 00:10:03]} {[%emt 00:00:15]}
53. Rh8 {[%clk 00:22:43]} {[%emt 00:00:22]} Ra5 {[%clk 00:08:33]} {[%emt
00:02:01]} 54. Kf3 {[%clk 00:22:55]} {[%emt 00:00:18]} Ra3 {[%clk 00:08:45]}
{[%emt 00:00:17]} 55. Kg4 {[%clk 00:23:18]} {[%emt 00:00:06]} Ra4 {[%clk
00:08:56]} {[%emt 00:00:19]} 56. Kh3 {[%clk 00:23:41]} {[%emt 00:00:07]} Ra5
{[%clk 00:06:44]} {[%emt 00:02:42]} 57. Rg8 {[%clk 00:23:33]} {[%emt 00:00:38]}
Kf7 {[%clk 00:06:47]} {[%emt 00:00:27]} 58. Rb8 {[%clk 00:23:32]} {[%emt
00:00:31]} Kg6 {[%clk 00:03:10]} {[%emt 00:04:06]} 59. Rb4 {[%clk 00:23:04]}
{[%emt 00:00:58]} Rc5 {[%clk 00:02:21]} {[%emt 00:01:19]} 60. Kg4 {[%clk
00:23:11]} {[%emt 00:00:23]} Ra5 {[%clk 00:01:54]} {[%emt 00:00:57]} 61. Re4
{[%clk 00:20:53]} {[%emt 00:02:47]} Kf6 {[%clk 00:01:40]} {[%emt 00:00:44]} 62.
Kf3 {[%clk 00:21:00]} {[%emt 00:00:23]} Rb5 {[%clk 00:01:03]} {[%emt 00:01:07]}
63. g4 {[%clk 00:20:25]} {[%emt 00:01:05]} e5 {[%clk 00:01:06]} {[%emt
00:00:28]} 64. Re3 {[%clk 00:20:33]} {[%emt 00:00:21]} Ra5 {[%clk 00:00:53]}
{[%emt 00:00:43]} 65. Rb3 {[%clk 00:20:56]} {[%emt 00:00:07]} Ra6 {[%clk
00:01:02]} {[%emt 00:00:21]} 66. Kg3 {[%clk 00:20:44]} {[%emt 00:00:42]} Kg6
{[%clk 00:00:39]} {[%emt 00:00:52]} 67. Rf3 {[%clk 00:18:08]} {[%emt 00:03:06]}
Ra1 {[%clk 00:00:50]} {[%emt 00:00:20]} 68. h5 {[%clk 00:17:47]} {[%emt
00:00:52]} Kh7 {[%clk 00:00:35]} {[%emt 00:00:44]} 69. Re3 {[%clk 00:17:56]}
{[%emt 00:00:21]} Ra5 {[%clk 00:00:40]} {[%emt 00:00:25]} 70. Kh4 {[%clk
00:18:16]} {[%emt 00:00:10]} Kg7 {[%clk 00:00:40]} {[%emt 00:00:31]} 71. Kg5
{[%clk 00:17:40]} {[%emt 00:01:06]} Kh7 {[%clk 00:00:38]} {[%emt 00:00:32]} 72.
Re4 {[%clk 00:17:12]} {[%emt 00:00:58]} Rb5 {[%clk 00:00:53]} {[%emt 00:00:16]}
73. Kf5 {[%clk 00:17:31]} {[%emt 00:00:11]} Rb6 {[%clk 00:00:37]} {[%emt
00:00:46]} 74. Rxe5 {[%clk 00:17:48]} {[%emt 00:00:13]} Rb7 {[%clk 00:00:48]}
{[%emt 00:00:19]} 75. g5 {[%clk 00:17:46]} {[%emt 00:00:31]} Ra7 {[%clk
00:00:36]} {[%emt 00:00:42]} 76. Kf6 {[%clk 00:17:14]} {[%emt 00:01:02]} Ra6
{[%clk 00:00:40]} {[%emt 00:00:26]} 77. Re6 {[%clk 00:17:40]} {[%emt 00:00:05]}
Ra8 {[%clk 00:00:37]} {[%emt 00:00:32]} 78. Re7 {[%clk 00:17:41]} {[%emt
00:00:28]} Kg8 {[%clk 00:00:57]} {[%emt 00:00:10]} 79. g6 {[%clk 00:17:41]}
{[%emt 00:00:30]} Rb8 {[%clk 00:01:00]} {[%emt 00:00:28]} 80. h6 {[%clk
00:17:47]} {[%emt 00:00:24]} Ra8 {[%clk 00:00:40]} {[%emt 00:00:49]} 81. Rd7
{[%clk 00:14:45]} {[%emt 00:03:31]} Kh8 {[%clk 00:00:33]} {[%emt 00:00:37]} 82.
Ke7 {[%clk 00:14:49]} {[%emt 00:00:27]} Rf8 {[%clk 00:00:36]} {[%emt 00:00:26]}
83. g7 {[%clk 00:15:13]} {[%emt 00:00:06]} 1-0

[Event "DVM U20 2022"]
[Site "Münster GER"]
[Date "2022.12.29"]
[Round "5"]
[White "Helmsdorf, Marius"]
[Black "Wang, Xinyuan"]
[Result "1-0"]
[Termination "normal"]
[Board "7.2"]
[WhiteElo "1657"]
[BlackElo "1835"]
[WhiteClock "00:45:23"]
[BlackClock "00:00:56"]
[WhiteTeam "ESV Gera"]
[BlackTeam "Karlsruher SF 1853"]
[PlyCount "67"]
[WhiteFideId "16274873"]
[BlackFideId "16221494"]
[EventCountry "GER"]
[EventRounds "7"]
[EventType "team-swiss"]
[EventDate "2022.12.26"]

1. d4 {[%emt 00:00:06]} Nf6 {[%clk 01:30:53]} {[%emt 00:00:03]} 2. Nc3 {[%clk
01:31:24]} {[%emt 00:00:04]} d5 {[%clk 01:31:17]} {[%emt 00:00:06]} 3. Bf4
{[%clk 01:31:49]} {[%emt 00:00:04]} c5 {[%clk 01:31:41]} {[%emt 00:00:06]} 4.
e4 {[%clk 01:32:17]} {[%emt 00:00:02]} Nxe4 {[%clk 01:32:03]} {[%emt 00:00:08]}
5. Nxe4 {[%clk 01:32:43]} {[%emt 00:00:04]} dxe4 {[%clk 01:32:26]} {[%emt
00:00:08]} 6. dxc5 {[%clk 01:33:11]} {[%emt 00:00:02]} Qa5 {[%clk 01:32:38]}
{[%emt 00:00:18]} 7. c3 {[%clk 01:33:38]} {[%emt 00:00:04]} Qxc5 {[%clk
01:32:59]} {[%emt 00:00:09]} 8. Qa4 {[%clk 01:34:04]} {[%emt 00:00:04]} Nc6
{[%clk 01:33:18]} {[%emt 00:00:10]} 9. Qxe4 {[%clk 01:34:31]} {[%emt 00:00:03]}
g6 {[%clk 01:33:36]} {[%emt 00:00:12]} 10. Nf3 {[%clk 01:34:58]} {[%emt
00:00:04]} Bg7 {[%clk 01:33:59]} {[%emt 00:00:07]} 11. Qe3 {[%clk 01:35:18]}
{[%emt 00:00:09]} Qxe3 {[%clk 01:34:18]} {[%emt 00:00:11]} 12. Bxe3 {[%clk
01:35:44]} {[%emt 00:00:04]} O-O {[%clk 01:34:40]} {[%emt 00:00:08]} 13. Be2
{[%clk 01:36:02]} {[%emt 00:00:12]} Be6 {[%clk 01:29:58]} {[%emt 00:05:12]} 14.
O-O {[%clk 01:35:41]} {[%emt 00:00:51]} h6 {[%clk 01:29:43]} {[%emt 00:00:46]}
15. Nd2 {[%clk 01:33:32]} {[%emt 00:02:38]} b6 {[%clk 01:26:08]} {[%emt
00:04:05]} 16. h3 {[%clk 01:23:30]} {[%emt 00:10:33]} Rfd8 {[%clk 01:18:26]}
{[%emt 00:08:11]} 17. a4 {[%clk 01:22:06]} {[%emt 00:01:53]} Bd5 {[%clk
00:51:30]} {[%emt 00:27:27]} 18. f4 {[%clk 01:19:09]} {[%emt 00:03:28]} Rd6
{[%clk 00:46:11]} {[%emt 00:05:49]} 19. Nf3 {[%clk 01:03:51]} {[%emt 00:15:48]}
Re6 {[%clk 00:39:17]} {[%emt 00:07:24]} 20. Kf2 {[%clk 01:03:33]} {[%emt
00:00:48]} Bxf3 {[%clk 00:20:48]} {[%emt 00:19:00]} 21. Bxf3 {[%clk 00:58:41]}
{[%emt 00:05:22]} Rd8 {[%clk 00:18:13]} {[%emt 00:03:05]} 22. Rad1 {[%clk
00:56:57]} {[%emt 00:02:13]} Red6 {[%clk 00:16:44]} {[%emt 00:01:59]} 23. Rxd6
{[%clk 00:55:00]} {[%emt 00:02:27]} Rxd6 {[%clk 00:17:08]} {[%emt 00:00:06]}
24. Rd1 {[%clk 00:55:21]} {[%emt 00:00:09]} Rxd1 {[%clk 00:16:42]} {[%emt
00:00:56]} 25. Bxd1 {[%clk 00:55:46]} {[%emt 00:00:05]} e5 {[%clk 00:14:59]}
{[%emt 00:02:13]} 26. fxe5 {[%clk 00:53:44]} {[%emt 00:02:32]} Nxe5 {[%clk
00:15:21]} {[%emt 00:00:08]} 27. Be2 {[%clk 00:53:10]} {[%emt 00:01:04]} Nc6
{[%clk 00:06:09]} {[%emt 00:09:43]} 28. Bb5 {[%clk 00:51:46]} {[%emt 00:01:52]}
Na5 {[%clk 00:06:33]} {[%emt 00:00:06]} 29. Bf4 {[%clk 00:51:02]} {[%emt
00:01:15]} Bf8 {[%clk 00:01:52]} {[%emt 00:05:11]} 30. Bb8 {[%clk 00:49:56]}
{[%emt 00:01:35]} Nb3 {[%clk 00:00:46]} {[%emt 00:01:36]} 31. Bxa7 {[%clk
00:49:38]} {[%emt 00:00:48]} Bc5 {[%clk 00:01:10]} {[%emt 00:00:06]} 32. Ke2
{[%clk 00:46:09]} {[%emt 00:03:59]} Kf8 {[%clk 00:00:32]} {[%emt 00:01:09]} 33.
Bc4 {[%clk 00:45:06]} {[%emt 00:01:33]} Na5 {[%clk 00:00:56]} {[%emt 00:00:05]}
34. Bd5 {[%clk 00:45:23]} {[%emt 00:00:13]} 1-0

[Event "DVM U20 2022"]
[Site "Münster GER"]
[Date "2022.12.29"]
[Round "5"]
[White "Fischer, Darja"]
[Black "Frank, Marek"]
[Result "0-1"]
[Termination "normal"]
[Board "7.3"]
[WhiteElo "1762"]
[BlackElo "1500"]
[WhiteClock "00:01:03"]
[BlackClock "00:01:05"]
[WhiteTeam "Karlsruher SF 1853"]
[BlackTeam "ESV Gera"]
[PlyCount "52"]
[WhiteFideId "16240898"]
[BlackFideId "16239520"]
[EventCountry "GER"]
[EventRounds "7"]
[EventType "team-swiss"]
[EventDate "2022.12.26"]

1. d4 {[%clk 01:30:59]} d5 {[%clk 01:30:51]} {[%emt 00:00:09]} 2. c4 {[%clk
01:31:26]} {[%emt 00:00:03]} e6 {[%clk 01:31:17]} {[%emt 00:00:04]} 3. Nc3
{[%clk 01:31:53]} {[%emt 00:00:03]} Nf6 {[%clk 01:31:34]} {[%emt 00:00:13]} 4.
Bg5 {[%clk 01:32:19]} {[%emt 00:00:04]} Be7 {[%clk 01:32:00]} {[%emt 00:00:04]}
5. Nf3 {[%clk 01:32:10]} {[%emt 00:00:38]} O-O {[%clk 01:31:43]} {[%emt
00:00:47]} 6. cxd5 {[%clk 01:31:07]} {[%emt 00:01:33]} exd5 {[%clk 01:31:33]}
{[%emt 00:00:40]} 7. Qc2 {[%clk 01:31:10]} {[%emt 00:00:28]} Nbd7 {[%clk
01:25:09]} {[%emt 00:06:54]} 8. e3 {[%clk 01:31:08]} {[%emt 00:00:32]} Re8
{[%clk 01:24:19]} {[%emt 00:01:20]} 9. Bd3 {[%clk 01:31:23]} {[%emt 00:00:16]}
Nf8 {[%clk 01:24:14]} {[%emt 00:00:35]} 10. O-O-O {[%clk 01:24:29]} {[%emt
00:07:24]} Be6 {[%clk 01:21:22]} {[%emt 00:03:22]} 11. Bxf6 {[%clk 01:21:40]}
{[%emt 00:03:20]} Bxf6 {[%clk 01:21:21]} {[%emt 00:00:31]} 12. Rdg1 {[%clk
01:21:44]} {[%emt 00:00:25]} Rc8 {[%clk 01:18:53]} {[%emt 00:02:58]} 13. g4
{[%clk 01:18:43]} {[%emt 00:03:32]} c5 {[%clk 01:16:13]} {[%emt 00:03:11]} 14.
h4 {[%clk 01:03:32]} {[%emt 00:15:41]} cxd4 {[%clk 01:06:58]} {[%emt 00:09:44]}
15. exd4 {[%clk 00:52:36]} {[%emt 00:11:26]} Qa5 {[%clk 00:58:10]} {[%emt
00:09:18]} 16. Kb1 {[%clk 00:38:47]} {[%emt 00:14:20]} Rc6 {[%clk 00:47:41]}
{[%emt 00:10:58]} 17. g5 {[%clk 00:27:11]} {[%emt 00:12:06]} Be7 {[%clk
00:44:58]} {[%emt 00:03:13]} 18. Ne5 {[%clk 00:27:28]} {[%emt 00:00:13]} Rb6
{[%clk 00:41:23]} {[%emt 00:04:05]} 19. h5 {[%clk 00:18:58]} {[%emt 00:09:00]}
Rc8 {[%clk 00:35:56]} {[%emt 00:05:57]} 20. Rg3 {[%clk 00:13:57]} {[%emt
00:05:30]} Ba3 {[%clk 00:22:49]} {[%emt 00:13:37]} 21. b3 {[%clk 00:14:24]}
{[%emt 00:00:03]} Bb4 {[%clk 00:14:36]} {[%emt 00:08:42]} 22. Bxh7 {[%clk
00:13:26]} {[%emt 00:01:27]} Nxh7 {[%clk 00:10:54]} {[%emt 00:04:12]} 23. g6
{[%clk 00:08:27]} {[%emt 00:05:30]} Rxc3 {[%clk 00:02:12]} {[%emt 00:09:13]}
24. h6 {[%clk 00:05:30]} {[%emt 00:03:26]} fxg6 {[%clk 00:00:51]} {[%emt
00:01:50]} 25. Rxc3 {[%clk 00:01:15]} {[%emt 00:04:45]} Bf5 {[%clk 00:00:49]}
{[%emt 00:00:33]} 26. Rc8 {[%clk 00:01:03]} {[%emt 00:00:42]} Bf8 {[%clk
00:01:05]} {[%emt 00:00:13]} 0-1

[Event "DVM U20 2022"]
[Site "Münster GER"]
[Date "2022.12.29"]
[Round "5"]
[White "Frank, Marian"]
[Black "Borodaev, Roman"]
[Result "0-1"]
[Termination "normal"]
[Board "7.4"]
[WhiteElo "1438"]
[BlackElo "1678"]
[WhiteClock "00:09:57"]
[BlackClock "00:13:53"]
[WhiteTeam "ESV Gera"]
[BlackTeam "Karlsruher SF 1853"]
[PlyCount "54"]
[WhiteFideId "16245059"]
[BlackFideId "16274881"]
[EventCountry "GER"]
[EventRounds "7"]
[EventType "team-swiss"]
[EventDate "2022.12.26"]

1. d4 {[%clk 01:30:57]} {[%emt 00:00:02]} d5 {[%clk 01:30:58]} {[%emt
00:00:02]} 2. Nf3 {[%clk 01:31:21]} {[%emt 00:00:07]} Nf6 {[%clk 01:31:23]}
{[%emt 00:00:05]} 3. c4 {[%clk 01:31:14]} {[%emt 00:00:36]} dxc4 {[%clk
01:31:50]} {[%emt 00:00:04]} 4. Nc3 {[%clk 01:30:46]} {[%emt 00:00:57]} a6
{[%clk 01:31:58]} {[%emt 00:00:23]} 5. a4 {[%clk 01:30:19]} {[%emt 00:00:57]}
e6 {[%clk 01:30:13]} {[%emt 00:02:16]} 6. e4 {[%clk 01:18:14]} {[%emt
00:12:35]} Bb4 {[%clk 01:15:10]} {[%emt 00:15:33]} 7. Qc2 {[%clk 01:14:24]}
{[%emt 00:04:19]} c5 {[%clk 01:13:28]} {[%emt 00:02:13]} 8. Be3 {[%clk
00:58:12]} {[%emt 00:16:42]} cxd4 {[%clk 01:11:34]} {[%emt 00:02:25]} 9. Nxd4
{[%clk 00:49:53]} {[%emt 00:08:49]} Qc7 {[%emt 00:09:31]} 10. Be2 {[%clk
00:43:38]} {[%emt 00:06:43]} e5 {[%clk 00:40:12]} {[%emt 00:22:53]} 11. Nf3
{[%clk 00:43:02]} {[%emt 00:01:06]} Nc6 {[%clk 00:31:06]} {[%emt 00:09:36]} 12.
O-O {[%clk 00:31:13]} {[%emt 00:12:19]} O-O {[%clk 00:31:07]} {[%emt 00:00:29]}
13. Nd5 {[%clk 00:28:54]} {[%emt 00:02:49]} Nxd5 {[%clk 00:30:59]} {[%emt
00:00:38]} 14. exd5 {[%clk 00:29:08]} {[%emt 00:00:17]} Na5 {[%clk 00:31:26]}
{[%emt 00:00:03]} 15. Qe4 {[%clk 00:26:10]} {[%emt 00:03:27]} Bd6 {[%clk
00:29:33]} {[%emt 00:02:24]} 16. Rac1 {[%clk 00:21:19]} {[%emt 00:05:21]} f5
{[%clk 00:28:34]} {[%emt 00:01:29]} 17. Qh4 {[%clk 00:19:17]} {[%emt 00:02:32]}
b5 {[%clk 00:25:29]} {[%emt 00:03:35]} 18. Rfd1 {[%clk 00:14:30]} {[%emt
00:05:16]} f4 {[%clk 00:24:11]} {[%emt 00:01:48]} 19. Bd2 {[%clk 00:14:49]}
{[%emt 00:00:11]} Nb3 {[%clk 00:24:37]} {[%emt 00:00:04]} 20. Rc2 {[%clk
00:14:39]} {[%emt 00:00:40]} Bf5 {[%clk 00:22:43]} {[%emt 00:02:24]} 21. Rdc1
{[%clk 00:13:16]} {[%emt 00:01:53]} Nxc1 {[%clk 00:22:12]} {[%emt 00:01:02]}
22. Rxc1 {[%clk 00:13:28]} {[%emt 00:00:17]} Rae8 {[%clk 00:14:54]} {[%emt
00:07:49]} 23. b3 {[%clk 00:11:31]} {[%emt 00:02:27]} Ba3 {[%clk 00:14:44]}
{[%emt 00:00:40]} 24. Rc3 {[%clk 00:10:16]} {[%emt 00:01:45]} Bb2 {[%clk
00:14:57]} {[%emt 00:00:18]} 25. Bxc4 {[%clk 00:10:16]} {[%emt 00:00:30]} bxc4
{[%clk 00:15:23]} {[%emt 00:00:04]} 26. Rxc4 {[%clk 00:10:34]} {[%emt
00:00:12]} Qd8 {[%clk 00:13:52]} {[%emt 00:02:01]} 27. Qh5 {[%clk 00:09:57]}
{[%emt 00:01:06]} Qxd5 {[%clk 00:13:53]} {[%emt 00:00:29]} 0-1